00674 2200253 4500001002100000005001700021008004100038020002200079035002500101040001200126082001700138090001900155100001400174245005900188250001100247260002600258300003400284650002000318700001600338850001200354990001800366990001800384990001800402INLIS00000000000513120150728213317.0  a978-602-9255-32-4 a0010-051500000000264 aYOPDYOG 223a899.2213 b899.2213 Tas K aTASARO GK aKeajaiban Rezekic/ Tasaro GK; Penyunting, Indradya SP aCet. 1 aBandungbQanitac2013 a373 hlm.b: Ilus.c; 23,5 cm. aFiksi Indonesia aINDRADYA SP aYOPDYOG a15404-PD/B.15 a15405-PD/B.15 a15406-PD/B.15